Normal view
MARC view
- تاليف نجيب، محفوظ ؛ تقديم وتعليق توفيق، عبد رب النبي
Entry Personal Name
001 - CONTROL NUMBER
- control field: 10400
003 - CONTROL NUMBER IDENTIFIER
- control field: JO-AjAnu
005 - DATE AND TIME OF LATEST TRANSACTION
- control field: 20230606071953.0
008 - FIXED-LENGTH DATA ELEMENTS
- fixed length control field: 230606|| aca||aabn | a|a d
040 ## - CATALOGING SOURCE
- Original cataloging agency: JO-AjAnu
- Transcribing agency: JO-AjAnu
100 ## - HEADING--PERSONAL NAME
- Personal name: تاليف نجيب، محفوظ ؛ تقديم وتعليق توفيق، عبد رب النبي
670 ## - SOURCE DATA FOUND
- Source citation: Work cat.: (JO-AjAnu)5355: تاليف نجيب، محفوظ ؛ تقديم وتعليق توفيق، عبد رب النبي, author, حماة الاسلام